000
00285nam a22001097a 4500
999
_c
64937
_d
64934
082
_a
297
_a
ن ع م
100
_a
علام شبلی نعمانی رح
245
_a
سیرت النبی ص
260
_a
نشنل بک فاوندیشن
_b
اسلام آناد
300
_a
768
942
_c
BK